00473nam a2200133Ia 4500008004100000020001800041041000800059082001600067100001400083245004500097260005500142999001900197952012300216230717s9999 xx 000 0 und d a0-406-01067-6 aeng a345.05bCAR aCarr A. P aCriminal Procedure In Magistrates Courts aLondonbButterworth And Co. (Publishers) Ltdc1983 c671375d671375 011040708LLBaNLPbNLPcNLP-34d1999-03-31g1980.00l0o345.05 CARpNLP-N04666r2023-07-17 00:00:00w2023-07-17yBK